Statistics for Time to Get Lucky - Countries of the World

Click here to take the quiz!

General Stats

  • This quiz has been taken 46 times
  • The average score is 8 of 14

Answer Stats

Country% Correct
Taiwan/Tajikistan/Tanzania/Thailand
94%
Iceland/India/Indonesia/Iran/Iraq/Ireland/Israel/Italy
89%
Madagascar/Malawi/Malaysia/Maldives/Mali/Malta/Marshall Islands/Mauritania/Mauritius/Mexico/Micronesia/Moldova/Monaco/Mongolia/Montenegro/Morocco/Mozambique/Myanmar
83%
Cape Verde/Cambodia/Cameroon/Canada/Central African Republic/Chad/Chile/China/Colombia/Comoros/Costa Rica/Croatia/Cuba/Cyprus/Czechia
63%
Gabon/Gambia/Georgia/Germany/Ghana/Greece/Grenada/Guatemala/Guinea/Guinea Bissau/Guyana
60%
Uganda/Ukraine/United Arab Emirates/United Kingdom/United States/Uruguay/Uzbekistan
60%
Yemen
60%
Eritrea/Estonia/Eswatini/Ethiopia
54%
Kazakhstan/Kenya/Kiribati/Kosovo/Kuwait/Kyrgyzstan
54%
Laos/Latvia/Lebanon/Lesotho/Liberia/Libya/Liechtenstein/Lithuania/Luxembourg
54%
Oman
54%
Ecuador/Egypt/El Salvador/Equatorialguinea
46%
Togo/Tonga/Trinidad and Tobago/Tunisia
40%
Turkey/Turkmenistan/Tuvalu
37%

Score Distribution

Percentile by Number Answered

Percent of People with Each Score

Your Score History

You have not taken this quiz